Soil Mechanics : (Record no. 2877)
[ view plain ]
| 000 -LEADER | |
|---|---|
| fixed length control field | 00883nac a22002051u 4500 |
| 008 - FIXED-LENGTH DATA ELEMENTS--GENERAL INFORMATION | |
| fixed length control field | 100907t xxu||||| |||| 00| 0 eng d |
| 010 ## - LIBRARY OF CONGRESS CONTROL NUMBER | |
| LC control number | 2003270491 |
| 022 ## - INTERNATIONAL STANDARD SERIAL NUMBER | |
| International Standard Serial Number | 0415383935. |
| 035 ## - SYSTEM CONTROL NUMBER | |
| System control number | (OCoLC)ocm50857510 |
| 082 00 - DEWEY DECIMAL CLASSIFICATION NUMBER | |
| Classification number | 624.1513 |
| Item number | AYS |
| 100 ## - MAIN ENTRY--PERSONAL NAME | |
| Personal name | Aysen, A. |
| 9 (RLIN) | 18550 |
| 245 10 - TITLE STATEMENT | |
| Title | Soil Mechanics : |
| Remainder of title | Basic Concepts and Engineering Applications / |
| Statement of responsibility, etc | A. Aysen. |
| 260 ## - PUBLICATION, DISTRIBUTION, ETC. (IMPRINT) | |
| Place of publication, distribution, etc | Lisse, The Netherlands ; |
| -- | Exton (PA): |
| Name of publisher, distributor, etc | A.A. Balkema Pub., |
| Date of publication, distribution, etc | c2002. |
| 300 ## - PHYSICAL DESCRIPTION | |
| Extent | vii, 459 p. : |
| Other physical details | ill. ; |
| Dimensions | 25 cm. |
| 504 ## - BIBLIOGRAPHY, ETC. NOTE | |
| Bibliography, etc | Includes bibliographical references and index. |
| 650 #0 - SUBJECT ADDED ENTRY--TOPICAL TERM | |
| Topical term or geographic name as entry element | Soil mechanics. |
| 9 (RLIN) | 18551 |
| 856 42 - ELECTRONIC LOCATION AND ACCESS | |
| Materials specified | Publisher description |
| Uniform Resource Identifier | <a href="http://www.loc.gov/catdir/enhancements/fy0653/2003270491-d.html">http://www.loc.gov/catdir/enhancements/fy0653/2003270491-d.html</a> |
| 942 ## - ADDED ENTRY ELEMENTS (KOHA) | |
| Item type | Book - Borrowing |
| Call number prefix | 624.1513AYS |
| Source of classification or shelving scheme | Dewey Decimal Classification |
| Withdrawn status | Item status | Damaged status | Not for loan | Home library | Current library | Shelving location | Date acquired | Source of acquisition | Total Checkouts | Full call number | Barcode | Date last seen | Koha item type |
|---|---|---|---|---|---|---|---|---|---|---|---|---|---|
| Central Library | Central Library | First floor | 07/03/2008 | Purchase | 624.1513 AYS | 000001352 | 15/07/2025 | Book - Borrowing |